MARC

LEADER 00000nab a2200000 a 4500
001 vtls000686511
003 SK-MaSNL
005 20260303203627.0
008 141112c1998 xo 0 cze
015 |a SNBRB1999/02-03511 
035 |a CLN000038678 
040 |a SNKBUCL  |b slo  |c SNKBUCL  |e AACR2 
041 0 |a cze 
044 |a xo  |c SK 
080 |a 616.831-005:616.1  |2 1997 
080 |a 616.1  |2 1997 
100 1 |a Neumann, J.  |4 aut  |9 515887 
245 1 0 |a Ikty a srdeční funkce  |c J. Neumann, O. Skřivánek, P. Šťovíčková 
611 1 7 |a Česko-slovenské neurovaskulárne sympózium  |n 26.  |d 1998  |c Brno, Česko  |x referáty  |x abstrakty  |2 snkbucl  |9 917124 
611 1 7 |a Český a slovenský neurologický zjazd  |n 16.  |d 1998  |c Brno, Česko  |2 snkbucl  |9 917125 
650 0 7 |a mozog  |x príhody cievne  |2 snkbucl  |9 1236311 
650 0 7 |a cievne mozgové príhody  |2 snkbucl  |9 79741 
650 0 7 |a kardiovaskulárne choroby  |2 snkbucl  |9 2500 
655 7 |a články z novín a časopisov  |2 snkbucl  |9 267496 
700 1 |a Skřivánek, O.  |4 aut  |9 1236312 
700 1 |a Šťovíčková, P.  |4 aut  |9 1236313 
773 0 |t Česká a slovenská neurologie a neurochirurgie  |g Roč. 61/94, Supplementum 1 (1998), s. 10-11  |x 1210-7859 
850 |a Slovenská národná knižnica v Martine 
852 |a SNK  |b KIS3GCP 
999 |c 2186468  |d 2188398